000
00270nam a22001097a 4500
999
_c
526466
_d
526466
082
_a
297.19
100
_a
Frithjof Schuon
245
_a
Dimensions of Islam
_c
Frithjof Schuon
942
_2
ddc
_c
BK